000 00512nam a2200205Ia 4500
003 OSt
005 20250313162023.0
008 210210b1953 xxu||||| |||| 00| 0 eng d
040 _cAL
041 _ahin
082 _a861/10
100 _aBACHCHAN:
_9206266
110 _bबच्चन
_9206267
245 _aMadhusala:
_bमधुसाला
260 _aIlahabad
_bCentral Book Depot
_c1953
650 _aMadhusala
_9206268
690 _aHindi Poetry
_9206269
906 _a023031
942 _2ddc
_cBK
999 _c147918
_d147918